| 000 | 00672cam a2200193 i 4500 | ||
|---|---|---|---|
| 005 | 20251109085728.0 | ||
| 008 | 250721s2015 ua gr 000 0 ara d | ||
| 082 | 1 | 4 |
_a155.4 _bع ا د |
| 100 | 1 |
_aعادل، أيمن محمد _eمؤلف. |
|
| 245 | 1 | 0 |
_aتعليم الطفل طرق التفكير والمسئولية / _cد.أيمن محمد عادل. |
| 250 | _aالطبعة الأولى. | ||
| 264 | 3 | 1 |
_aالجيزة : _bنور المعرفة للمشروعات، _c2015. |
| 300 | _a149صفحة. | ||
| 650 | 1 | 7 | _aالتعلم. |
| 650 | 1 | 7 | _aالأطفال. |
| 650 | 1 | 7 | _aسيكولوجية الطفولة. |
| 942 |
_2ddc _cBK |
||
| 999 |
_c130771 _d130771 |
||